<?xml version="1.0" encoding="UTF-8"?>
<record
    xmlns:xsi="http://www.w3.org/2001/XMLSchema-instance"
    xsi:schemaLocation="http://www.loc.gov/MARC21/slim http://www.loc.gov/standards/marcxml/schema/MARC21slim.xsd"
    xmlns="http://www.loc.gov/MARC21/slim">

  <leader>01169nam a22002417a 4500</leader>
  <datafield tag="952" ind1=" " ind2=" ">
    <subfield code="0">0</subfield>
    <subfield code="1">0</subfield>
    <subfield code="2">ddc</subfield>
    <subfield code="4">0</subfield>
    <subfield code="7">0</subfield>
    <subfield code="8">NFIC</subfield>
    <subfield code="a">ASL</subfield>
    <subfield code="b">ASL</subfield>
    <subfield code="c">ASBP</subfield>
    <subfield code="d">2017-07-04</subfield>
    <subfield code="e">ASB Publications</subfield>
    <subfield code="h">ASP-121</subfield>
    <subfield code="l">0</subfield>
    <subfield code="o">307.7301 ROS </subfield>
    <subfield code="p">100679</subfield>
    <subfield code="r">2017-07-04 00:00:00</subfield>
    <subfield code="t">C-1</subfield>
    <subfield code="w">2017-07-04</subfield>
    <subfield code="y">BK</subfield>
  </datafield>
  <datafield tag="952" ind1=" " ind2=" ">
    <subfield code="0">0</subfield>
    <subfield code="1">0</subfield>
    <subfield code="2">ddc</subfield>
    <subfield code="4">0</subfield>
    <subfield code="7">0</subfield>
    <subfield code="8">NFIC</subfield>
    <subfield code="a">ASL</subfield>
    <subfield code="b">ASL</subfield>
    <subfield code="c">GEN</subfield>
    <subfield code="d">2017-07-04</subfield>
    <subfield code="e">ASB Publications</subfield>
    <subfield code="h">ASP-121</subfield>
    <subfield code="l">0</subfield>
    <subfield code="o">307.7301 ROS</subfield>
    <subfield code="p">100680</subfield>
    <subfield code="r">2017-07-04 00:00:00</subfield>
    <subfield code="t">C-2</subfield>
    <subfield code="w">2017-07-04</subfield>
    <subfield code="y">BK</subfield>
    <subfield code="z">OOP</subfield>
  </datafield>
  <datafield tag="952" ind1=" " ind2=" ">
    <subfield code="0">0</subfield>
    <subfield code="1">0</subfield>
    <subfield code="2">ddc</subfield>
    <subfield code="4">0</subfield>
    <subfield code="7">0</subfield>
    <subfield code="8">NFIC</subfield>
    <subfield code="a">ASL</subfield>
    <subfield code="b">ASL</subfield>
    <subfield code="c">GEN</subfield>
    <subfield code="d">2017-07-04</subfield>
    <subfield code="e">ASB Publications</subfield>
    <subfield code="h">ASP-121</subfield>
    <subfield code="l">0</subfield>
    <subfield code="o">307.7301 ROS </subfield>
    <subfield code="p">100681</subfield>
    <subfield code="r">2017-07-04 00:00:00</subfield>
    <subfield code="t">C-3</subfield>
    <subfield code="w">2017-07-04</subfield>
    <subfield code="y">BK</subfield>
    <subfield code="z">OOP</subfield>
  </datafield>
  <datafield tag="952" ind1=" " ind2=" ">
    <subfield code="0">0</subfield>
    <subfield code="1">0</subfield>
    <subfield code="2">ddc</subfield>
    <subfield code="4">0</subfield>
    <subfield code="7">0</subfield>
    <subfield code="8">NFIC</subfield>
    <subfield code="a">ASL</subfield>
    <subfield code="b">ASL</subfield>
    <subfield code="c">GEN</subfield>
    <subfield code="d">2017-07-04</subfield>
    <subfield code="e">ASB Publications</subfield>
    <subfield code="h">ASP-121</subfield>
    <subfield code="l">0</subfield>
    <subfield code="o">307.7301 ROS </subfield>
    <subfield code="p">100682</subfield>
    <subfield code="r">2017-07-04 00:00:00</subfield>
    <subfield code="t">C-4</subfield>
    <subfield code="w">2017-07-04</subfield>
    <subfield code="y">BK</subfield>
    <subfield code="z">OOP</subfield>
  </datafield>
  <datafield tag="952" ind1=" " ind2=" ">
    <subfield code="0">0</subfield>
    <subfield code="1">0</subfield>
    <subfield code="2">ddc</subfield>
    <subfield code="4">0</subfield>
    <subfield code="7">0</subfield>
    <subfield code="8">NFIC</subfield>
    <subfield code="a">ASL</subfield>
    <subfield code="b">ASL</subfield>
    <subfield code="c">GEN</subfield>
    <subfield code="d">2017-07-04</subfield>
    <subfield code="e">ASB Publications</subfield>
    <subfield code="h">ASP-121</subfield>
    <subfield code="l">0</subfield>
    <subfield code="o">307.7301 ROS </subfield>
    <subfield code="p">100683</subfield>
    <subfield code="r">2017-07-04 00:00:00</subfield>
    <subfield code="t">C-5</subfield>
    <subfield code="w">2017-07-04</subfield>
    <subfield code="y">BK</subfield>
    <subfield code="z">OOP</subfield>
  </datafield>
  <datafield tag="999" ind1=" " ind2=" ">
    <subfield code="c">17651</subfield>
    <subfield code="d">17651</subfield>
  </datafield>
  <controlfield tag="003">BDDh-ASL</controlfield>
  <controlfield tag="005">20231015025621.0</controlfield>
  <controlfield tag="008">170704s2013    bg aco|| |||| 00| 0 b    </controlfield>
  <datafield tag="020" ind1=" " ind2=" ">
    <subfield code="a">9789845120081</subfield>
  </datafield>
  <datafield tag="037" ind1=" " ind2=" ">
    <subfield code="b">Asiatic Society of Bangladesh publication</subfield>
    <subfield code="c">tk 400</subfield>
  </datafield>
  <datafield tag="040" ind1=" " ind2=" ">
    <subfield code="a">BDDh-ASL</subfield>
    <subfield code="c">BDDh-ASL</subfield>
  </datafield>
  <datafield tag="082" ind1=" " ind2=" ">
    <subfield code="a">307.7031 </subfield>
    <subfield code="b">ROS</subfield>
  </datafield>
  <datafield tag="100" ind1="1" ind2=" ">
    <subfield code="a">&#x9B0;&#x9BE;&#x9AF;&#x9BC;, &#x9AA;&#x9CD;&#x9B0;&#x9A3;&#x9AC; &#x995;&#x9C1;&#x9AE;&#x9BE;&#x9B0;</subfield>
    <subfield code="9">263</subfield>
  </datafield>
  <datafield tag="245" ind1="1" ind2="0">
    <subfield code="a">&#x9B8;&#x9C1;&#x9A8;&#x9CD;&#x9A6;&#x9B0;&#x9AC;&#x9A8;&#x9C7;&#x9B0; &#x9AA;&#x9C7;&#x9B6;&#x9BE;&#x99C;&#x9C0;&#x9AC;&#x9C0; &#x9B8;&#x9AE;&#x9CD;&#x9AA;&#x9CD;&#x9B0;&#x9A6;&#x9BE;&#x9AF;&#x9BC;&#x9C7;&#x9B0; &#x9B8;&#x9AE;&#x9BE;&#x99C; &#x993; &#x9B8;&#x982;&#x9B8;&#x9CD;&#x995;&#x9C3;&#x9A4;&#x9BF; / </subfield>
    <subfield code="c">&#x9AA;&#x9CD;&#x9B0;&#x9A3;&#x9AC; &#x995;&#x9C1;&#x9AE;&#x9BE;&#x9B0; &#x9B0;&#x9BE;&#x9AF;&#x9BC;</subfield>
  </datafield>
  <datafield tag="246" ind1=" " ind2=" ">
    <subfield code="a">Sundarboner Peshajibi Somprodayer Somaj O Songskriti by Pranab Kumar Roy </subfield>
  </datafield>
  <datafield tag="260" ind1=" " ind2=" ">
    <subfield code="a">&#x9A2;&#x9BE;&#x995;&#x9BE;:</subfield>
    <subfield code="b">&#x9AC;&#x9BE;&#x982;&#x9B2;&#x9BE;&#x9A6;&#x9C7;&#x9B6; &#x98F;&#x9B6;&#x9BF;&#x9AF;&#x9BC;&#x9BE;&#x99F;&#x9BF;&#x995; &#x9B8;&#x9CB;&#x9B8;&#x9BE;&#x987;&#x99F;&#x9BF;, </subfield>
    <subfield code="c">&#x9E8;&#x9E6;&#x9E7;&#x9E9;.</subfield>
  </datafield>
  <datafield tag="300" ind1=" " ind2=" ">
    <subfield code="a">vi, &#x9E8;&#x9EC;&#x9E9; &#x9AA;&#x9C3;.:</subfield>
    <subfield code="b">&#x9B0;&#x999;&#x9BF;&#x9A8; &#x99B;&#x9AC;&#x9BF;;</subfield>
    <subfield code="c">&#x9E8;&#x9EA; &#x9B8;&#x9C7;.&#x9AE;&#x9BF;. </subfield>
  </datafield>
  <datafield tag="440" ind1=" " ind2=" ">
    <subfield code="a">Asiatic Society of Bangladesh publication; </subfield>
    <subfield code="v">no. 121</subfield>
    <subfield code="9">312</subfield>
  </datafield>
  <datafield tag="504" ind1=" " ind2=" ">
    <subfield code="a">Includes bibliographical references</subfield>
  </datafield>
  <datafield tag="505" ind1=" " ind2=" ">
    <subfield code="a">Bibliography: P. [235]-239</subfield>
  </datafield>
  <datafield tag="650" ind1=" " ind2=" ">
    <subfield code="a"> &#x200D;Sundarban</subfield>
    <subfield code="v">Professional Comunity</subfield>
    <subfield code="x">Society</subfield>
    <subfield code="x">Culture</subfield>
    <subfield code="z">Bangladesh</subfield>
    <subfield code="9">505</subfield>
  </datafield>
  <datafield tag="942" ind1=" " ind2=" ">
    <subfield code="2">ddc</subfield>
    <subfield code="c">BK</subfield>
  </datafield>
</record>
